The idiom advantage : (Record no. 14849)
[ view plain ]
| 000 -LEADER | |
|---|---|
| fixed length control field | 00448pam a2200157 a 4500 |
| 020 ## - INTERNATIONAL STANDARD BOOK NUMBER | |
| ISBN | 0201825279 (pbk.) |
| 040 ## - CATALOGING SOURCE | |
| Transcribing agency | DLC |
| 082 00 - DEWEY DECIMAL CLASSIFICATION NUMBER | |
| Classification number | 428 ADD 1995 A024 Or. |
| 100 1# - MAIN ENTRY--AUTHOR NAME | |
| Personal name | Watkins, Dana. |
| 245 14 - TITLE STATEMENT | |
| Title | The idiom advantage : |
| Remainder of title | fluency in speaking and listening / |
| 260 ## - PUBLICATION, DISTRIBUTION, ETC. (IMPRINT) | |
| Place of publication | Reading, Mass. : |
| Name of publisher | Addison-Wesley Pub., |
| Year of publication | c1995. |
| 300 ## - PHYSICAL DESCRIPTION | |
| Number of Pages | xiii, 241 p. : |
| Other physical details | ill. ; |
| Dimensions | 28 cm. |
| 650 #0 - SUBJECT ADDED ENTRY--TOPICAL TERM | |
| Topical Term | English language |
| 650 #0 - SUBJECT ADDED ENTRY--TOPICAL TERM | |
| Topical Term | English language |
| 942 ## - ADDED ENTRY ELEMENTS (KOHA) | |
| Koha item type | សៀវភៅភាសាអង់គ្លេស |
| 952 ## - LOCATION AND ITEM INFORMATION (KOHA) | |
| Withdrawn status [LOCAL, KOHA] | 0 |
| Permanent Location | Date acquired | Koha item type | Lost status | Shelving location | Barcode | Current Location | Full call number |
|---|---|---|---|---|---|---|---|
| Library Block A | 2017-10-30 | សៀវភៅភាសាអង់គ្លេស | A024 | A20751 | Library Block A | 428 ADD 1995 A024 Or. |